000 01683nam a2200313Ia 4500
999 _c40453
_d40453
001 7062
003 GE_BSU
005 20231024152912.0
008 181216s2007||||ge |||||||||||||| ||geo||
020 _a9789994059553
040 _cGE_BSU
041 _ageo
080 _a27-788(=353.1)(569.4)+332.21(479.22) ხ-96
100 _aხუციშვილი, ნიკო
_93608
245 _aიერუსალიმის ჯვრის მონასტრის მიწათმფლობელობა საქართველოში /
_cნიკო ხუციშვილი ; სერიის მთ. რედ. ბუბა კუდავა ; სარედ. კოლ. თამარ გეგია და სხვ.
250 _aმეორე გამოცემა
264 _aთბილისი :
_bარტანუჯი,
_c2007.
300 _a166 გვ. ;
_c20 სმ.
490 _aსაქართველოს ეკლესიის ისტორია
_v1
_xISSN: 1512-4371
500 _aსაძიებლები : გვ. 154-164
501 _aსქემები : გვ. 147-153
504 _aბიბლიოგრაფია ტექსტების შენიშვნებში
520 _aრეზიუმე ინგლისურ ენაზე
541 _h7ლ.
653 _aსაქართველოს ეკლესიის ისტორია
653 _aქართული მონასტრები იერუსალმში
653 _aსაეკლესიო მიწათმფლობელობა
942 _cBK
_2udc